[Event "Lvov Cup"]
[Site "Lvov"]
[Date "2019.08.18"]
[Round "1"]
[White "Bernadskiy, Vitaliy"]
[Black "Chugai, Roman"]
[Result "1-0"]
[WhiteElo "2583"]
[BlackElo "1851"]
[PlyCount "51"]
[EventDate "2019.08.18"]
[EventType "swiss"]
[EventRounds "9"]
[EventCountry "UKR"]
[SourceTitle "EXT 2020"]
[Source "ChessBase"]
[SourceDate "2019.10.17"]
[SourceVersion "1"]
[SourceVersionDate "2019.10.17"]
[SourceQuality "1"]

1. c4 e5 2. g3 Nf6 3. Bg2 d5 4. cxd5 Nxd5 5. Nc3 Nb6 6. e3 Nc6 7. Nge2 Be7 8. 0-0 0-0 9. f4 exf4 10. Nxf4 Bd6 11. d4 Bxf4 12. gxf4 Ne7 13. d5 c6 14. dxc6 Nxc6 15. Qh5 Nd7 16. Rd1 Nf6 17. Rxd8 Nxh5 18. Rxf8+ Kxf8 19. b3 Bg4 20. Ba3+ Kg8 21. Ne4 Re8 22. Kf2 Bd7 23. Rd1 Rd8 24. Bf3 Nf6 25. Nxf6+ gxf6 26. Rg1+ 1-0